000 00461nam a2200157 i 4500
001 60654
003 ES-MaACL
005 20230906164259.0
007 t|
008 031105s1968 sp ||||1| spa d
245 0 0 _aEstaciones para deportes de invierno.
260 _aMadrid :
_bInstituto de Estudios Turísticos,
_c1968.
300 _a222 p. :
_bgráf. ;
_c24 cm.
710 2 _aInstituto de Estudios Turísticos.
_94936
852 _aES-MaACL
_jC-46678
_bR.65829
999 _c60654
_d60654